| 000 | 00710nam a2200229 i 4500 | ||
|---|---|---|---|
| 001 | bg | ||
| 245 | 0 | 0 |
_aOrdynacja podatkowa : _bkomentarz / _cStefan Babiarz [et al.]. |
| 250 | _aStan prawny na 1 wrzeĊnia 2004 r. | ||
| 260 |
_aWarszawa : _b"LexisNexis", _c2004. |
||
| 300 |
_a811, [1] s. ; _c24 cm. |
||
| 504 | _aBibliogr. | ||
| 650 | 9 |
_aPodatek _xprawo _zPolska _ystan na 2004 r. |
|
| 700 | 1 | _aBABIARZ, Stefan | |
| 020 | _a8373343458 | ||
| 040 | _cBPK | ||
| 041 | 0 | _apol | |
| 080 | _a336.221.24(438) | ||
| 920 | _a83-7334-345-8 | ||
| 942 | _cKS | ||
| 008 | s pl f |000 0 pol | ||
| 999 |
_c44867 _d44867 |
||
| 856 |
_uhttp://koha.tu.koszalin.pl/cgi-bin/koha/opac-detail.pl?biblionumber=44867 _yKatalog online BPK |
||